• 首页
  • 本馆介绍
  • 公告通知
  • 最新文献
  • 馆藏检索
  • 电子资源
  • 读者导购
  • 参考咨询
  • 我的图书馆
  • 登录
  • 详细信息显示
  • 放入我的书架
  • 预约/预借图书
  • 作者相关作品
  • 分类相关作品
  • 丛书相关作品
  • 出版社相关作品

书目信息

  • 表格格式
  • 工作单格式
  • 卡片格式
题名:
经典的魅力:马克思主义经典著作的当代意义
    
 
作者: 潘于旭 , 万斌 编著
分册:  
出版信息: 杭州   浙江大学出版社  2007
页数: 263页
开本: 23cm
丛书名:
单 册:
中图分类: A85 , A81
科图分类:
主题词: 马列著作研究--研究生--教材 , 马列著作研究 , 马恩著作--学习 , 马恩著作研究
电子资源:
ISBN: 978-7-308-05647-2
000 01020nam0 2200301 450
001 0960765332
005 20090928165431.15
010    @a978-7-308-05647-2@dCNY28.00
100    @a20081022d2007 em y0chiy50 ea
101 0  @achi
102    @aCN@b330000
105    @ay z 000yy
106    @ar
200 1  @a经典的魅力:马克思主义经典著作的当代意义@f万斌,潘于旭编著@Ajing dian de mei li : ma ke si zhu yi jing dian zhu zuo de dang dai yi yi
210    @a杭州@c浙江大学出版社@d2007
215    @a263页@d23cm
300    @a文科硕士生公共学位课程教材
330    @a本书内容包括:青年黑格尔派与马克思思想形成的前夜、建构以实践为基础的新唯主义理论、马克思主义的诞生等方面。
606 0  @a马列著作研究@x研究生@j教材
606 0  @a马列著作研究
606 0  @a马恩著作@x学习
606 0  @a马恩著作研究
690    @aA85@v4
690    @aA81@v4
701  0 @a潘于旭@f(1963~)@4编著@Apan yu xu
701  0 @a万斌@f(1946.8~)@4编著@Awan bin
801  0 @aCN@b110019@c20071224
905    @a10447@dA81@eJY31
    
    经典的魅力:马克思主义经典著作的当代意义/万斌,潘于旭编著.-杭州:浙江大学出版社,2007
    263页;23cm
    文科硕士生公共学位课程教材
    
    ISBN 978-7-308-05647-2:CNY28.00
    本书内容包括:青年黑格尔派与马克思思想形成的前夜、建构以实践为基础的新唯主义理论、马克思主义的诞生等方面。
●
相关链接 在E读中查询图书 在五车中查询图书 在当当中查询图书 在豆瓣中查询图书


正题名:经典的魅力:马克思主义经典著作的当代意义     索取号:A81/JY31         预约/预借

序号 登录号 条形码 馆藏地/架位号 状态 备注
1 7804951   278049513   学院路分馆/ [索取号:A81/JY31] 在馆    
2 7804952   278049522   学院路分馆/ [索取号:A81/JY31] 在馆    
3 7804953   278049531   学院路分馆/ [索取号:A81/JY31] 在馆    
唐山师范学院图书馆 欢迎您!
大连网信软件有限公司© 版权所有